|
|
|
|
| LEADER |
02220nam a2200637 i 4500 |
| 001 |
nkc20162856435 |
| 003 |
CZ PrNK |
| 005 |
20170110094205.0 |
| 007 |
ta |
| 008 |
161115s2016 xr a c f 000 j cze |
| 015 |
|
|
|a cnb002856435
|
| 020 |
|
|
|a 978-80-266-1047-2
|q (vázáno) :
|c Kč 269,00
|
| 035 |
|
|
|a (OCoLC)965749048
|
| 040 |
|
|
|a BOA001
|b cze
|d ABA001
|e rda
|
| 072 |
|
7 |
|a 52
|x Astronomie
|2 Konspekt
|9 6
|
| 072 |
|
7 |
|a 0/9-053.2
|x Literatura pro děti a mládež (naučná)
|2 Konspekt
|9 26
|
| 080 |
|
|
|a 52
|2 MRF
|
| 080 |
|
|
|a 520.8
|2 MRF
|
| 080 |
|
|
|a 524.3
|2 MRF
|
| 080 |
|
|
|a 523.4
|2 MRF
|
| 080 |
|
|
|a (0.062)
|2 MRF
|
| 080 |
|
|
|a (0:82-94)
|2 MRF
|
| 080 |
|
|
|a (0.053.2)
|2 MRF
|
| 100 |
1 |
|
|a Koval, David,
|d 1975-
|7 mzk2013753354
|4 aut
|
| 245 |
1 |
0 |
|a O čem si šeptají souhvězdí? :
|b můj krutě hustý astrodeník /
|c David Koval ; ilustroval Martin Černý
|
| 246 |
3 |
|
|a Můj krutě boží astrodeník
|
| 250 |
|
|
|a 1. vydání
|
| 264 |
|
1 |
|a V Brně :
|b Edika,
|c 2016
|
| 300 |
|
|
|a 150 stran :
|b ilustrace (převážně barevné) ;
|c 22 cm
|
| 336 |
|
|
|a text
|b txt
|2 rdacontent
|
| 337 |
|
|
|a bez média
|b n
|2 rdamedia
|
| 338 |
|
|
|a svazek
|b nc
|2 rdacarrier
|
| 490 |
1 |
|
|a Už to vím!
|
| 521 |
8 |
|
|a Pro děti od 7 let
|
| 650 |
0 |
7 |
|a astronomie
|7 ph114088
|2 czenas
|
| 650 |
0 |
7 |
|a astronomická pozorování
|7 ph118644
|2 czenas
|
| 650 |
0 |
7 |
|a souhvězdí
|7 ph125863
|2 czenas
|
| 650 |
0 |
7 |
|a planety (astronomie)
|7 ph115737
|2 czenas
|
| 650 |
0 |
9 |
|a astronomy
|2 eczenas
|
| 650 |
0 |
9 |
|a astronomical observations
|2 eczenas
|
| 650 |
0 |
9 |
|a constellations
|2 eczenas
|
| 650 |
0 |
9 |
|a planets
|2 eczenas
|
| 655 |
|
7 |
|a populárně-naučné publikace
|7 fd131864
|2 czenas
|
| 655 |
|
7 |
|a fiktivní deníky
|7 fd132254
|2 czenas
|
| 655 |
|
7 |
|a publikace pro děti
|7 fd133156
|2 czenas
|
| 655 |
|
9 |
|a popular works
|2 eczenas
|
| 655 |
|
9 |
|a imaginary diaries
|2 eczenas
|
| 655 |
|
9 |
|a children's literature
|2 eczenas
|
| 700 |
1 |
|
|a Černý, Martin
|7 hka2015871329
|4 ill
|
| 830 |
|
0 |
|a Už to vím! (Edika)
|0 s
|
| 910 |
2 |
|
|a BOA001
|b 2-1374.942
|
| 928 |
9 |
|
|a Albatros Media - Edika
|
| 990 |
|
|
|a BK
|
| 995 |
|
|
|a 01
|
| 991 |
|
|
|b 201611
|c NOV
|
| 996 |
6 |
|
|b 2610688668
|c 2-1374.942
|l MZK
|r Sklad / do 1 hodiny
|n 1
|p p.v.
|w 001588795
|u 000010
|a 1
|e BOA001
|j MZK50
|s P
|